01018nam a2200241 a 450000100100000000500170001000800410002702000150006804000250008308200170010810000300012524500470015526000500020230000200025259000750027265000300034765000320037791000370040904900090044695201880045595201160064399900170075900003485720200930073939.0111020s1988 is 000 p spa d a965305080x aDO-SdBNPbspacBNPHU a892.4bC732p1 aComey, Aried1929-96038810aPrimicias tardias :bpoemas /cArie Comey. aJerusalem, :bLa semana publicaciones,c1988. a62 p. ;c20 cm. aPerteneció a la biblioteca personal de Juan Isidro Jimenes Grullón 4aPoesía israelí960389 4aLiteratura israelí960390 aValidado. Control de calidad MFF aBNGR 001050718MOaGRbGRcHDd2011-10-20iLF1l0o892.4 C732pp34857-10r2020-06-25w2020-06-25y1zPerteneció a la biblioteca personal de Juan Isidro Jimenes Grullón.ZNo se presta 0010507-18MOaGRbGRcOId2011-10-20iLF1l0o892.4 C732pp34858-10r2020-06-25w2020-06-25y1ZNo se presta c34348d34348